1452 1228 1818 1839 1087 1064 1190 1318 1750 1422 1402 1239 1083 1138 1943 1615 1985 1164 1527 1298 1250 1102 1786 1386 1317 1039 1391 1098 1481 1270 1747 1819 1728 1534 1986 1869 1193 1678 1392 1515 1873 1430 1832 1738 1765 1737 1893 1243 1538 1875 1609 1760 1715 1782 1502 1818 1851 1637 1775 1997 1383 1051 1287 1896 1072 1348 1514 1483 1546 1336 1562 1421 1401 1096 1434 1716 1825 1093 1062 1937 1760 1816 1393 1503 1564 1987 1994 1539 1466 1570 1728 1717 1053 1664 1800 1250 1886 1833 1365 BCNSPRNW ULIB Ver.6.0+V

เปลี่ยนเป็นภาษาไทย

Change to English
 แสดงรายละเอียดบรรณานุกรม
  กลับหน้าหลัก

Brief Record : Get Marc (ISO 2709) : E-mail record : QR code < ปิดหน้าต่าง
LEADER : 00000nam 2200000uu 4500
001    13399122733
003     ULIB
008    020711s2555 th a 000 0 tha d
020    9786162132216
050  4 DS520^bก271ซ
100    กฤชกร เพชรนอก
245    เซอลามัต...อินโดนีเซีย/^cกฤชกร เพชรนอก
250    พิมพ์ครั้งที่ 2
260    กรุงเทพฯ :^bสกายบุ๊กส์,^c2555
300    72 หน้า
440  0 ชุด ประชาคมอาเซียนฉบับการ์ตูน
650  7 อาเซียน^xเสริมความรู้
650  7 อินโดนีเซีย
945    ^p119^l0^i20175
999    ^aทศพร เกษรทอง
รายการนี้ยังไม่มีแท็ก
คุณยังไม่ได้ล็อกอิน คุณสามารถมีกิจกรรมร่วมกับเว็บไซต์ได้ แต่ต้องล็อกอินก่อน ::
  ล็อกอิน

รายการสื่อสารสนเทศ

ลำดับที่ ประเภท เลขเรียก/บาร์โค้ด สถานที่ สถานะ
1. การศึกษาทั่วไป
การศึกษาทั่วไป
DS520 ก271ซ ฉ.1 
  Barcode: 20175
ห้องสมุดวิทยาเขตนครสวรรค์
►หนังสือทั่วไป:l:General Books
บนชั้น

รายการใกล้เคียง
    ผู้แต่ง [กฤชกร เพชรนอก]

    หัวเรื่อง [อินโดนีเซีย]

BibComment


ยังไม่เคยถูกคอมเมนท์

คอมเมนท์ทรัพยากรรายการนี้
  คอมเมนท์: เซอลามัตอินโดนีเซ..


 Copyright 2026. Bcnsprnw @Library